Welcome to the Holygrace Academy Library

Please use search bar below to get started

PIZZA PIGS (Record no. 3897)

MARC details
000 -LEADER
fixed length control field 00255nam a22001217a 4500
082 ## - DEWEY DECIMAL CLASSIFICATION NUMBER
Classification number 821
Item number PRE/P
100 ## - MAIN ENTRY--AUTHOR NAME
Personal name PRELUTSKY, JACK
245 ## - TITLE STATEMENT
Title PIZZA PIGS
260 ## - PUBLICATION, DISTRIBUTION, ETC. (IMPRINT)
Place of publication NEW YORK
Name of publisher GREENWILLOW BOOKS
300 ## - PHYSICAL DESCRIPTION
Number of Pages 192
650 ## - SUBJECT ADDED ENTRY--TOPICAL TERM
Topical Term POETRY
Geographic subdivision NEW YORK
942 ## - ADDED ENTRY ELEMENTS (KOHA)
Koha item type Books
Holdings
Withdrawn status Lost status Collection code Home library Current library Shelving location Date acquired Source of acquisition Full call number Accession Number Koha item type
    Non-fiction Main Library Main Library SHELF-16D -ENGLISH GRAMMAR ,POEMS 30/01/2019 PURCHASE 821 PRE/P 10878 Books